Rozpoznaj miasto po tablicy rejestracyjnej - poziom łatwy - Statystyki

Ogólne statystyki
  • Ten quiz został rozwiązany 489 razy
  • Średni wynik to 10 z 15
Statystyki odpowiedzi
Tablica rej. Miasto % Poprawnych
KR Kraków
98%
RZ Rzeszów
91%
DW Wrocław
91%
OP Opole
86%
LU Lublin
84%
WE Warszawa Mokotów
72%
NO Olsztyn
66%
CB Bydgoszcz
60%
SC Częstochowa
60%
TK Kielce
60%
KT Tarnów
57%
FZ Zielona Góra
56%
DL Legnica
49%
PL Leszno
42%
SR Rybnik
42%
Nie znaleziono quizów pasujących do podanych kryteriów
Rozkład punktacji
Procent ludzi z każdym wynikiem
Percentyl według liczby udzielonych odpowiedzi
Twoja historia wyników
Nie rozwiązałeś tego quizu